QUAESTIONES DISPURATAE ET QUAESTIONES DUODECIM QUDLIBETALES. VOL. IV. DE VERITA'TE. (Record n. 260930)

Dettagli MARC
000 -LEADER
fixed length control field 01277nam a2200229Ia 4500
001 - CONTROL NUMBER
control field L189-1707
003 - CONTROL NUMBER IDENTIFIER
control field IT-CnALBA
008 - FIXED-LENGTH DATA ELEMENTS--GENERAL INFORMATION
fixed length control field 170116s9999||||xx |||||||||||||| ||und||
040 ## - CATALOGING SOURCE
Original cataloging agency IT-CnALBA
Transcribing agency IT-CnALBA
041 ## - LANGUAGE CODE
Language code of text/sound track or separate title LATINO
999 ## - SYSTEM CONTROL NUMBERS (KOHA)
Koha Dewey Subclass [OBSOLETE] SI
100 ## - MAIN ENTRY--PERSONAL NAME
Personal name TOMMASO D'AQUINO
Miscellaneous information SANTO DOTTORE
245 #0 - TITLE STATEMENT
Title QUAESTIONES DISPURATAE ET QUAESTIONES DUODECIM QUDLIBETALES. VOL. IV. DE VERITA'TE.
250 ## - EDITION STATEMENT
Edition statement 6a ed.
260 ## - PUBLICATION, DISTRIBUTION, ETC. (IMPRINT)
Place of publication, distribution, etc. TORINO - ROMA
Name of publisher, distributor, etc. MARIETTI EDITORE
Date of publication, distribution, etc. 1931 [1° Ed.:1931 - Ed.Ling.Originale: 1931]
300 ## - PHYSICAL DESCRIPTION
Extent 352 p.
500 ## - GENERAL NOTE
General note FEDE. RAGIONE SUPERIORE E INFERIORE. SINERESI COSCIENZA. CONOSCENZA DEL PRIMO UOMO NELLO STATO DI INNOCENZA. CONOSCENZA DELL'ANIMA DOPO LA MORTE. SCIENZA DELL'ANIMA DI CRISTO. BENE DESIDERIO DEL BENE E VOLONTÀ. VOLONTÀ DI DIO. LIBERO ARBITRIO. SENSUALITÀ.
501 ## - WITH NOTE
With note Società San Paolo EM - Piazza San Paolo, 14 - 12051 ALBA (CN) (non commercial uses only) ® Copyright 2017
520 ## - SUMMARY, ETC.
Summary, etc. FEDE. RAGIONE SUPERIORE E INFERIORE. SINERESI COSCIENZA. CONOSCENZA DEL PRIMO UOMO NELLO STATO DI INNOCENZA. CONOSCENZA DELL'ANIMA DOPO LA MORTE. SCIENZA DELL'ANIMA DI CRISTO. BENE DESIDERIO DEL BENE E VOLONTÀ. VOLONTÀ DI DIO. LIBERO ARBITRIO. SENSUALITÀ.
650 ## - SUBJECT ADDED ENTRY--TOPICAL TERM
Topical term or geographic name as entry element FILOSOFIA MEDIOEVALE OCCIDENTALE
942 ## - ADDED ENTRY ELEMENTS (KOHA)
Koha item type LIBRO
957 ## -
-- 1
999 ## - SYSTEM CONTROL NUMBERS (KOHA)
-- Copie: 1
Dati di copia
Withdrawn status Lost status Damaged status Not for loan Home library Current library Date acquired Total Checkouts Full call number Date last seen Price effective from Koha item type Public note
    Buone Condizioni Not For Loan ALBA - Biblioteca ALBA - Biblioteca 16/01/2017   L189-1707 16/01/2017 16/01/2017 LIBRO (data import: 16 gennaio 2017) - By Epidotti, Vaglietti.
CREDITS: SOCIETA' SAN PAOLO Via A.Severo, 58 - ROMA (RM) & PERIODICI SAN PAOLO SRL Via Giotto, 36 MILANO & CISF Via Giotto, 36 MILANO & EDIZIONI SAN PAOLO SRL,  Piazza Soncino, 5 CINISELLO BALSAMO (MI) -- ITALY